| 000 | 00500nam a2200193 a 4500 | ||
|---|---|---|---|
| 001 | 1859 | ||
| 005 | 20140414132039.0 | ||
| 008 | 010502s19uu xx 00 eng d | ||
| 020 | _a0-86163-810-7 | ||
| 050 |
_aTR _bSt884 1984 |
||
| 245 | _aThe story of the three Billy goats gruff. | ||
| 260 |
_aLondon : _bAward, _c1984. |
||
| 300 | _a1v., p. : ill. ; cm. | ||
| 440 | _aRead Along With Me | ||
| 650 | _aChildren's stories. | ||
| 650 |
_aGoats _xStories. |
||
| 999 |
_c113790 _d113790 |
||